00908cam a2200265 i 450000100060000000300080000600500170001400800390003103500190007004000270008904100130011608200220012910000440015124500560019525000160025126000360026730000290030350000460033260000210037865000360039970000400043594200120047599900170048795201380050422184BD-RjUL20211209000757.0140306s1952 uk a 000 0 eng a(BD-RjUL)22249 aDLCcDLCdBD-RjULbeng1 aenghgrc00a882.01bMUC 19520 aMurray,Gilbert .qGilbert Murray96846404aThe complete plays of Aeschylus /c Gilbert Murray. aLimited ed. aLondon :bAllen & Unwin,c1952. a266 p. :bill. ;c19 cm. a"Notes from the editors": 22 p. inserted.00aAeschylus968477 0aMythology, GreekvDrama.9678341 aMurray, Gilbert,d1866-1957.968466 2ddccBK c22184d22184 00102ddc40708NFICaRUCLbRUCLcStackd1987-08-20eZeitlingerg7.60l0o882.01 MUC 1952r2014-03-06 00:00:00tC-2w2014-03-06yBK